书目信息 |
| 题名: |
概周期函数
|
|
| 作者: | Б·М·列维坦 著 ;余家荣 译 | |
| 分册: | ||
| 出版信息: | 北京 高等教育出版社 1956.07 |
|
| 页数: | 341页 | |
| 开本: | 20cm | |
| 丛书名: | ||
| 单 册: | ||
| 中图分类: | O174.23 | |
| 科图分类: | ||
| 主题词: | 数学分析 | |
| 电子资源: | ||
| ISBN: | ||
| 000 | 00657nam0 2200217 450 | |
| 001 | 0663058375 | |
| 005 | 20060728173319.85 | |
| 010 | @dCNY1.20 | |
| 100 | @a20060728d1956 km y0chiy0120 ea | |
| 101 | 0 | @achi@crus |
| 102 | @aCN@b110000 | |
| 200 | 1 | @a概周期函数@Agai zhou qi han shu@fБ·М·列维坦著@FБ·М·lie wei tan zhu@g余家荣等译@Gyu jia rong deng yi |
| 210 | @a北京@c高等教育出版社@d1956.07 | |
| 215 | @a341页@d20cm | |
| 300 | @a高等学校教学用书 | |
| 606 | 0 | @a数学分析 |
| 690 | @aO174.23@v3 | |
| 701 | 0 | @aБ·М·列维坦@AБ·М·lie wei tan@4著 |
| 702 | 0 | @a余家荣@Ayu jia rong@4译 |
| 801 | 0 | @aCN@bPFT@c20060728 |
| 905 | @a10447@dO174.23@e159 | |
| 概周期函数/Б·М·列维坦著/余家荣等译.-北京:高等教育出版社,1956.07 |
| 341页;20cm |
| 高等学校教学用书 |
| ISBN :CNY1.20 |
| ● |
| 相关链接 |
|
|
|
|
正题名:概周期函数
索取号:O174.23/159
 
预约/预借
| 序号 | 登录号 | 条形码 | 馆藏地/架位号 | 状态 | 备注 |
| 1 | 0442827 | 204428271 | 密集书库/ [索取号:O174.23/159] | 在馆 |